Second Summer School in Analysis and Mathematical P : topics in analysis: harmonic, complex, nonlinear and quantization : Second Summer School in Analysis and Mathematical Physics, Cuernavaca Morelos, Mexico, June 12-22, 2000
Αποθηκεύτηκε σε:
| Συγγραφή απο Οργανισμό/Αρχή: | |
|---|---|
| Άλλοι συγγραφείς: | , |
| Μορφή: | Βιβλίο |
| Γλώσσα: | English |
| Δημοσίευση: |
Providence, R.I. :
American Mathematical Society,
c2001
|
| Σειρά: | Contemporary mathematics (American Mathematical Society) ;
; 289 |
| Θέματα: | |
| Ετικέτες: |
Προσθήκη ετικέτας
Δεν υπάρχουν, Καταχωρήστε ετικέτα πρώτοι!
|
MARC
| LEADER | 00000nam a2200000 i 4500 | ||
|---|---|---|---|
| 001 | 1/66114 | ||
| 008 | 041119s2001 eng d | ||
| 020 | |a 0821827081 | ||
| 035 | |l 10075341 | ||
| 040 | |a GR-MY-UA |b gre |e aacr | ||
| 041 | 0 | |a eng | |
| 082 | 0 | |a 530.155 |2 (21) | |
| 110 | 2 | |a Summer School in Analysis and Mathematical Physics. | |
| 245 | 1 | 0 | |a Second Summer School in Analysis and Mathematical P : |b topics in analysis: harmonic, complex, nonlinear and quantization : Second Summer School in Analysis and Mathematical Physics, Cuernavaca Morelos, Mexico, June 12-22, 2000 / |c Salvador Perez-Esteva, Carlos Villegas-Blas, editors |
| 260 | |a Providence, R.I. : |b American Mathematical Society, |c c2001 | ||
| 300 | |a xi, 272 σ.; |b εικ.; |c 26 εκ. | ||
| 490 | 1 | |a Contemporary mathematics |v ; 289 | |
| 504 | |a Περιέχει βιβλιογραφικές αναφορές | ||
| 650 | 0 | 0 | |a Mathematical analysis |x Congresses. |
| 650 | 0 | 0 | |a Geometric quantization |x Congresses. |
| 650 | 0 | 0 | |a Mathematical physics |x Congresses. |
| 700 | 1 | |a Perez-Esteva, Salvador |d 1955- |4 edt | |
| 700 | 1 | |a Villegas-Blas, Carlos |d 1964- |4 edt | |
| 830 | 0 | |a Contemporary mathematics (American Mathematical Society) ; |v ; 289 | |
| 852 | |a INST |b SAMOS |e 20041119 |h 530.155 SUM |p 005300022730 |q 005300022730 |t BK |y 0 | ||
| 901 | |a BIBL3-2004-3 | ||
| 909 | |a Σ |b 116378 | ||
| 922 | |a 3ΕΛΗ |b 200409 |c ΕΠΕΑΕΚ2/ΤΜΗΜΑ ΜΑΘΗΜΑΤΙΚΩΝ |d ΜΙΧΑΛΟΠΟΥΛΟΣ | ||
| 950 | |a 116-2004-09-30 | ||
| 970 | |a ΚΟΣΙΕΡΗΣ |b ΧΡΗΣΤΟΣ |z 2004/12/09 | ||